[Event "Zonal 2.5 2013"]
[Site "Montevideo URU"]
[Date "2013.04.22"]
[Round "6.11"]
[White "Coppola,C"]
[Black "Granara Barreto,S"]
[Result "1/2-1/2"]
[WhiteElo "2173"]
[BlackElo "2099"]

1.d4 d5 2.Nf3 Nf6 3.c4 c6 4.Qc2 dxc4 5.Qxc4 Bf5 6.Nc3 e6 7.g3 Nbd7 8.Bg2 Be7
9.O-O O-O 10.e3 Nb6 11.Qe2 Nbd5 12.Ne5 Bb4 13.Bd2 Bxc3 14.bxc3 Ne4 15.Bxe4 Bxe4
16.f3 Bg6 17.a4 f6 18.Nxg6 hxg6 19.e4 Ne7 20.Qc4 Qd7 21.a5 b5 22.axb6 axb6
23.Rfb1 b5 24.Qc5 e5 25.Bc1 exd4 26.cxd4 Rfd8 27.Kg2 Kf7 28.Bb2 Qe6 29.Qb4 Rh8
30.h4 g5 31.Rxa8 Rxa8 32.hxg5 fxg5 33.Qd2 g4 34.Qf4+ Kg8 35.Qxg4 Qxg4 36.fxg4 Ra2
37.Kf3 Kf7 38.Bc1 Ke6 39.g5 Ra4 40.d5+ cxd5 41.exd5+ Nxd5 42.Rxb5 g6 43.Rc5 Ra6
44.Rc4 Rb6 45.Ke4 Rb4  1/2-1/2

[Event "48th Capablanca Open II 2013"]
[Site "Havana CUB"]
[Date "2013.04.23"]
[Round "3.29"]
[White "Llorente Bello,Eduardo"]
[Black "Borges Rodriguez,Javier"]
[Result "1-0"]
[WhiteElo "2158"]
[BlackElo "1983"]

1.d4 d5 2.c4 c6 3.Nf3 Nf6 4.Qb3 Qb6 5.Nc3 dxc4 6.Qxc4 g6 7.Ng5 e6 8.e3 h6
9.Nf3 Nbd7 10.Be2 Bg7 11.O-O O-O 12.Rd1 Re8 13.e4 a5 14.e5 Nd5 15.Ne4 Bf8
16.a3 Qc7 17.Bd2 b6 18.Qc2 Ba6 19.Bxa6 Rxa6 20.Rac1 Rc8 21.Qd3 Ra7 22.Nd6 Bxd6
23.exd6 Qxd6 24.Bxh6 c5 25.Qe4 Rac7 26.g3 N7f6 27.Qh4 cxd4 28.Rxc7 Rxc7 29.Qxd4 Qc5
30.Qe5 Qe7 31.Bg5 Kg7 32.Kg2 Rd7 33.Rd4 Qd6 34.Bxf6+  1-0

[Event "48th Capablanca Open I 2013"]
[Site "Havana CUB"]
[Date "2013.04.25"]
[Round "5.14"]
[White "Martinez Duany,L"]
[Black "Guerra Tulcan,L"]
[Result "1-0"]
[WhiteElo "2459"]
[BlackElo "2372"]

1.d4 Nf6 2.Nf3 d5 3.c4 c6 4.Qc2 e6 5.g3 Nbd7 6.Bg2 dxc4 7.Qxc4 c5 8.O-O a6
9.Qc2 cxd4 10.Nxd4 Bc5 11.Nb3 Ba7 12.Bf4 e5 13.Bd2 O-O 14.Na3 Qe7 15.Rac1 e4
16.Nc4 Nb6 17.Bg5 Nxc4 18.Qxc4 Be6 19.Qxe4 Nxe4 20.Bxe7 Rfe8 21.Rc7 Bd5 22.Bc5 Bxb3
23.Bxa7 Bxa2 24.Rxb7 Nf6 25.e3 Rac8 26.Ra1 Bc4 27.Rc1 Bb5 28.Rxc8 Rxc8 29.Rb8 Rxb8
30.Bxb8 Nd7 31.Ba7 Kf8 32.Bd4 f6 33.f4 Ke7 34.e4 Nb8 35.Kf2 Nc6 36.Bc3 Kd6
37.Ke3 Bc4 38.g4 Bb5 39.h4 Ke6 40.Bf3 g6 41.Bd1 h6 42.Bb3+ Ke7 43.Bd5 Nd8
44.Bb4+ Ke8 45.Kd4 g5 46.hxg5 hxg5 47.fxg5 fxg5 48.Bd2 Nc6+ 49.Kc5 Ne5 50.Bxg5 Nxg4
51.Kd6 Nf2 52.e5 Nd3 53.b3 a5 54.Be4 Nf2 55.Bf5 a4 56.bxa4 Bxa4 57.e6 Bb5
58.e7 Kf7 59.Be3 Nd3 60.Bd4  1-0

[Event "48th Capablanca Open II 2013"]
[Site "Havana CUB"]
[Date "2013.04.27"]
[Round "6.55"]
[White "Carrillo,Jose Antonio"]
[Black "Garcia Treto,Diana Leydis"]
[Result "1/2-1/2"]
[WhiteElo "1871"]
[BlackElo "1975"]

1.d4 d5 2.c4 c6 3.Nf3 Nf6 4.g3 Nbd7 5.Bg2 e6 6.O-O Bd6 7.Qc2 O-O 8.Nbd2 b6
9.Rd1 Qc7 10.e4 dxe4 11.Nxe4 Nxe4 12.Qxe4 Nf6 13.Qe2 Bb7 14.Bg5 Be7 15.Rac1 Rfe8
16.Ne5 h6 17.Bf4 g5 18.Bd2 c5 19.Ng4 Nxg4 20.Qxg4 Bxg2 21.Kxg2 cxd4 22.h4 Qc5
23.hxg5 hxg5 24.Rh1 Kg7 25.Rh5 Qf5 26.Qxf5 exf5 27.Rch1 Rh8 28.Rxh8 Rxh8
29.Rxh8 Kxh8 30.f4 g4 31.Kf2 Kg7 32.Ke2 Kf8 33.Kd3 Bf6 34.Be1  1/2-1/2

[Event "TCh-CZE Extraliga 2012-13"]
[Site "Czech Republic CZE"]
[Date "2013.04.28"]
[Round "11.5"]
[White "Konopka,M"]
[Black "Trichkov,V"]
[Result "0-1"]
[WhiteElo "2453"]
[BlackElo "2320"]

1.Nf3 d5 2.d4 Nf6 3.c4 c6 4.Qb3 dxc4 5.Qxc4 Bf5 6.Nc3 e6 7.g3 Nbd7 8.Bg2 Be7
9.O-O O-O 10.e3 Ne4 11.Ne1 Nxc3 12.bxc3 e5 13.Qe2 Re8 14.e4 Be6 15.Nd3 Qa5
16.Qc2 Rad8 17.Be3 Bf6 18.f4 exd4 19.cxd4 Nb6 20.e5 Be7 21.Nc5 Bxc5 22.Qxc5 Qxc5
23.dxc5 Nc4 24.Bf2 Bd5 25.Rfb1 Bxg2 26.Kxg2 b5 27.cxb6 axb6 28.Bxb6 Rd2+
29.Bf2 f6 30.Rc1 Nb2 31.Rxc6 Nd3 32.Rf1 fxe5 33.Kg1 exf4 34.gxf4 Nxf4 35.a4 Rf8
36.a5 Nh3+ 37.Kg2 Nxf2 38.a6 Nd3+ 39.Kg1 Nf4 40.Rb1 Ne2+ 41.Kh1 Nd4 42.Rd6 Rff2
43.Rd8+ Kf7 44.Rb7+ Kg6 45.Rd6+ Kh5 46.Rd5+ Kh4  0-1

[Event "48th Capablanca Open II 2013"]
[Site "Havana CUB"]
[Date "2013.04.28"]
[Round "7.31"]
[White "Llorente Bello,Eduardo"]
[Black "Fuentes,Adrian"]
[Result "0-1"]
[WhiteElo "2158"]
[BlackElo "1984"]

1.d4 d5 2.Nf3 Nf6 3.c4 c6 4.Qb3 dxc4 5.Qxc4 Bf5 6.Nc3 e6 7.g3 Be7 8.Bg2 O-O
9.O-O Ne4 10.Ne5 Nxc3 11.bxc3 Nd7 12.f4 Nf6 13.a4 Be4 14.Bxe4 Nxe4 15.Qd3 f5
16.a5 Bf6 17.Nc4 Nxc3 18.e3 Ne4 19.Ba3 Rf7 20.g4 g6 21.g5 Bg7 22.Nd2 Nxd2
23.Qxd2 e5 24.fxe5 Bxe5 25.Qg2 Bg7 26.Bc5 a6 27.Bb6 Qe7 28.Rae1 Re8 29.Rf4 Qa3
30.e4 Qc3 31.Qf2 Ref8 32.e5 Re8 33.Rf3 Qc4 34.Rfe3 Re6 35.R3e2 Qd5 36.Qg2 Rd7
37.Qxd5 Rxd5 38.Rc2 Bf8 39.Kg2 h6 40.gxh6 Kh7 41.Kf3 Kxh6 42.h3 Bb4 43.Re3 Bxa5
44.Bc5 b6 45.Bd6 Rxd4 46.Rxc6 Kg5 47.Rc8 Rh4 48.Kg2 Rd4 49.Ra8 Kf4 50.Re2 Bb4
51.Bc7 b5 52.Rb8 Rd2 53.Rxd2 Bxd2 54.Rb6 Rxb6 55.e6+ Kg5 56.Bd8+ Kh6 57.Bxb6 Kg7  0-1

[Event "Old Capital Open 2013"]
[Site "Veliko Tarnovo BUL"]
[Date "2013.05.01"]
[Round "1.8"]
[White "Lewicki,Pawel"]
[Black "Galunov,T"]
[Result "0-1"]
[WhiteElo "1873"]
[BlackElo "2342"]

1.d4 d5 2.c4 c6 3.Nf3 Nf6 4.g3 dxc4 5.Bg2 g6 6.Nbd2 b5 7.Ne5 Bb7 8.Ne4 Nxe4
9.Bxe4 Bg7 10.Bf4 O-O 11.O-O Qc8 12.Bf3 Rd8 13.Qc2 Rxd4 14.e3 Rd8 15.Rad1 Nd7
16.Nxd7 Rxd7 17.b3 c5 18.Bg5  0-1

[Event "Oceania Open zt 2013"]
[Site "Nadi FIJ"]
[Date "2013.05.08"]
[Round "7.5"]
[White "Feldman,V"]
[Black "Smirnov,Ant"]
[Result "0-1"]
[WhiteElo "2233"]
[BlackElo "2194"]

1.d4 d5 2.c4 c6 3.Nf3 Nf6 4.g3 e6 5.Bg2 Nbd7 6.Qc2 Bd6 7.O-O O-O 8.Nc3 dxc4
9.Nd2 Nb6 10.a4 a5 11.Nde4 Nxe4 12.Nxe4 Bb4 13.Rd1 Qe7 14.Ng5 g6 15.Bf4 Bd6
16.Bxd6 Qxd6 17.Ne4 Qe7 18.Nd2 Qb4 19.Nf3 Rd8 20.Qc1 Bd7 21.Qh6 Qf8 22.Qh4 Qg7
23.Ne5 Be8 24.Qe7 Qf8 25.Qc5 Qxc5 26.dxc5 Rxd1+ 27.Rxd1 Nxa4 28.Nxc4 Nxc5
29.Nb6 Rb8 30.Ra1 Rd8 31.Bf3 a4 32.Rc1 Nb3 33.Rc4 Rd4 34.Rxa4 Rxa4 35.Nxa4 c5
36.Nc3 Kf8 37.e3 Ke7 38.Ne4 f5 39.Bd1 Na5 40.Nxc5 Nc4 41.b4 Nb6 42.Bb3 Bf7
43.Nd3 Nd7 44.Kf1 e5 45.Bxf7 Kxf7 46.Ke2 e4 47.Nf4 Nf6 48.Kd2 Nd5 49.Ne2 Nxb4
50.Nd4 Ke7 51.Kc3 Nd5+ 52.Kb3 Kd6 53.h4 Nf6  0-1

[Event "HC Andersen Open 2013"]
[Site "Odense DEN"]
[Date "2013.05.08"]
[Round "1.15"]
[White "Erikstad,O"]
[Black "Rostgaard,T"]
[Result "0-1"]
[WhiteElo "1836"]
[BlackElo "2275"]

1.d4 d5 2.c4 c6 3.Nf3 Nf6 4.g3 dxc4 5.Ne5 b5 6.Bg2 e6 7.Nxc6 Qb6 8.Nxb8 Rxb8
9.O-O Bb7 10.Bxb7 Qxb7 11.Bf4 Rd8 12.a4 b4 13.a5 Be7 14.Qa4+ Rd7 15.Nd2 O-O
16.Nxc4 Rxd4 17.Rac1 Qa6 18.Ne5 Rxf4 19.gxf4 Qxe2 20.Qc2 Qa6 21.Nc6 Bd6 22.Qc4 Qb7
23.Qd4 Nd5 24.Qxa7 Qb5 25.Nd4 Qd3 26.Rfd1 Qg6+ 27.Kf1 Bxf4 28.Qb7 Bxc1 29.a6 Qe4
30.Rxc1 Qh1+ 31.Ke2 Qxc1 32.a7 Qxb2+ 33.Kf3 Qc3+ 34.Ke4 f5+ 35.Nxf5 exf5+
36.Kxd5 Rd8+ 37.Ke6 Qf6+  0-1

[Event "5th Alexander The Great Open 2013"]
[Site "Porto Carras GRE"]
[Date "2013.05.10"]
[Round "4.4"]
[White "Tadic,Br"]
[Black "Itkis,B"]
[Result "1/2-1/2"]
[WhiteElo "2517"]
[BlackElo "2395"]

1.Nf3 d5 2.d4 c6 3.c4 dxc4 4.Nc3 Nf6 5.a4 Bf5 6.Ne5 Nbd7 7.Nxc4 Qc7 8.Qd2 Nb6
9.Nxb6 axb6 10.f3 e5 11.Qe3 Bd6 12.Qg5 Bg6 13.Be3 O-O 14.g3 Ra5 15.Qh4 Re8
16.dxe5 Bxe5 17.Bf4 Nd5 18.Nxd5 Rxd5 19.Ra3 Qd6 20.Bxe5 Qxe5 21.Qb4 b5 22.axb5 Rxb5
23.Qc3 f6 24.Qxe5 fxe5 25.Bh3 Rxb2 26.Kf2 Rd8 27.Re3 Rb5 28.Ra1 Kf7 29.Ra4 Bc2
30.Rc4 Bb3 31.Rh4 h6 32.Rh5 Be6 33.Bxe6+ Kxe6 34.g4 Rf8 35.Re4 Rd5 36.e3 Kd6
37.h4 b5 38.g5 hxg5 39.Rxg5 Rf7 40.Reg4 b4 41.Rxb4 Rd2+ 42.Kg3 Rd1 43.Rbg4 Kd5  1/2-1/2

[Event "SCT Seniors 2013"]
[Site "Stockholm SWE"]
[Date "2013.05.10"]
[Round "5.3"]
[White "Hecht,HJ"]
[Black "Kupreichik,V"]
[Result "1/2-1/2"]
[WhiteElo "2346"]
[BlackElo "2443"]

1.d4 d5 2.c4 c6 3.Nf3 dxc4 4.e3 Be6 5.Nc3 b5 6.a4 Qa5 7.Bd2 b4 8.Na2 c3 9.bxc3 Bxa2
10.c4 Bxc4 11.Bxc4 e6 12.Ne5 Bd6 13.O-O Nf6 14.Rb1 O-O 15.Be2 Bxe5 16.Bxb4 Bxh2+
17.Kxh2 Qc7+ 18.g3 Rd8 19.Qc2 a5 20.Ba3 Na6 21.Rfc1 Rdc8 22.Kg2 Nd5 23.Bxa6 Rxa6
24.Qd3 Rb6 25.Rxb6 Qxb6 26.Bc5 Qb2 27.Rb1 Qa2 28.Qa6 Re8 29.Qxc6 Nxe3+ 30.Kf3 Qd5+
31.Qxd5 Nxd5 32.Rb5 Ra8 33.Bb6 Nxb6 34.Rxb6 g5 35.Rb5 h6 36.d5 exd5 37.Rxd5 Kg7
38.g4 Ra6 39.Kg3 Kg6 40.Rc5 f6 41.Rb5 h5 42.gxh5+ Kxh5 43.f4 Rc6 44.fxg5 fxg5
45.Rxa5 Rc3+ 46.Kg2 Kh4 47.Rb5 Rc2+ 48.Kg1 g4 49.Rb3 Ra2 50.a5 Rxa5 51.Kg2 Ra2+
52.Kg1  1/2-1/2

[Event "26th Metropolitan GM"]
[Site "Los Angeles USA"]
[Date "2013.05.11"]
[Round "7"]
[White "Kretchetov,A"]
[Black "Sevillano,E"]
[Result "1/2-1/2"]
[WhiteElo "2271"]
[BlackElo "2500"]

1.d4 d5 2.c4 dxc4 3.Nf3 c6 4.e3 b5 5.a4 e6 6.b3 Nf6 7.bxc4 b4 8.c5 a5 9.Nbd2 Be7
10.Nc4 Nbd7 11.Bd3 Ba6 12.O-O O-O 13.Bb2 Qc7 14.Rc1 Rfd8 15.Qe2 Nd5 16.Rfd1 Rab8
17.Nfd2 b3 18.Ba3 Rb7 19.Nd6 Bxd3 20.Qxd3 Nb4 21.Qxb3 Bxd6 22.cxd6 Qxd6 23.Ne4 Qc7
24.h3 h6 25.Qc4 Nb6 26.Qb3 N6d5 27.Qc4 Nb6 28.Qb3 N6d5 29.Nc5 Rbb8 30.e4 Nf4
31.Qf3 Rb6 32.Bxb4 axb4 33.a5 Rb5 34.Na6 Qc8 35.Nxb4 Nxh3+ 36.Qxh3 Rxb4 37.Qc3 Ra4
38.Ra1 Rxa1 39.Rxa1 Qa6 40.Qc5 Rb8 41.Rc1  1/2-1/2

[Event "5th Alexander The Great Open 2013"]
[Site "Porto Carras GRE"]
[Date "2013.05.11"]
[Round "6.2"]
[White "Erdogdu,M"]
[Black "Itkis,B"]
[Result "1-0"]
[WhiteElo "2422"]
[BlackElo "2395"]

1.d4 d5 2.c4 c6 3.Nf3 Nf6 4.Nbd2 Bf5 5.Nh4 Be4 6.f3 Bg6 7.Qb3 Qc7 8.g4 e6
9.g5 Nfd7 10.e4 dxe4 11.Nxg6 hxg6 12.Nxe4 e5 13.Be3 exd4 14.Bxd4 c5 15.Qe3 Kd8
16.Bc3 Rxh2 17.Rxh2 Qxh2 18.O-O-O Nc6 19.Qd3 Nd4 20.Bxd4 cxd4 21.Qxd4 Qf4+
22.Kb1 Qf5 23.Qf2 Ke8 24.Qg3 Qe5 25.Bh3  1-0

[Event "Asian Continental w 2013"]
[Site "Manila PHI"]
[Date "2013.05.18"]
[Round "1.18"]
[White "Bhakti,K"]
[Black "Nadia,Anggraeni M"]
[Result "1-0"]
[WhiteElo "2244"]
[BlackElo "1854"]

1.d4 d5 2.c4 c6 3.Nf3 Nf6 4.Qc2 dxc4 5.Qxc4 Bf5 6.g3 Nbd7 7.Bg2 e6 8.O-O Be7
9.Nc3 O-O 10.Re1 Ne4 11.Bf4 Qb6 12.Nxe4 Bxe4 13.Ng5 Bxg2 14.Kxg2 Nf6 15.Rab1 Rad8
16.Red1 h6 17.Nf3 Qb4 18.Qxb4 Bxb4 19.Rd3 Ba5 20.Ne5 Bb6 21.Rbd1 Nd5 22.Bd2 Bc7
23.Nc4 Rd7 24.e4 Nb6 25.b3 Rfd8 26.Be3 Kf8 27.Na5 Bb8 28.Kf1 Nc8 29.Ke2 Nd6
30.f3 Nb5 31.a4 Nd6 32.Bc1 f6 33.Ba3 Kf7 34.Ke3 Bc7 35.Nc4 Nc8 36.Bc5 b6
37.Bb4 Ne7 38.R3d2 b5 39.Na5 Bd6 40.Bxd6 Rxd6 41.Nb7 f5 42.Nxd8+ Rxd8 43.axb5 cxb5
44.Ra1 Rd7 45.Rc2 Rb7 46.Rac1 Rb6 47.Rc7 a6 48.Ra7 Kf6 49.e5+  1-0

[Event "Open Hradec Kralove 2013"]
[Site "Hradec Kralove CZE"]
[Date "2013.05.21"]
[Round "9"]
[White "Arkhipov,Vl1"]
[Black "Karhanek,P"]
[Result "1-0"]
[WhiteElo "2156"]
[BlackElo "2026"]

1.d4 d5 2.c4 c6 3.Nf3 Nf6 4.Qc2 g6 5.g3 Bg7 6.Bg2 O-O 7.Bf4 Be6 8.Nbd2 Qa5
9.b4 Qd8 10.O-O a5 11.a3 axb4 12.axb4 Rxa1 13.Rxa1 dxc4 14.Ra8 Nfd7 15.Nxc4 Bxc4
16.Qxc4 Nb6 17.Qa2 Nxa8 18.Qxa8 Qc8 19.Qa5 Nd7 20.h4 Nf6 21.Ne5 Qd8 22.Qa7 Qa8
23.Qc5 Re8 24.e4 e6 25.Qb6 Qc8 26.Qa5 Qd8 27.Qa7 Qa8 28.Qb6 Qc8 29.Qa5 Rd8
30.Be3 Bf8 31.b5 cxb5 32.Qxb5 Be7 33.d5 exd5 34.exd5 Qc3 35.Bf4 Qe1+ 36.Kh2 Qxf2
37.Qxb7 Nxd5 38.Nc6 Re8 39.Nxe7+ Nxe7 40.Qd7 Ra8 41.Qxe7 Ra2 42.Qe8+ Kg7
43.Qe5+ Kg8 44.Qd5 Kg7 45.Qe5+ Kg8 46.Qb8+ Kg7 47.Be5+ f6 48.Qb7+ Kh6  1-0

[Event "TCh-POL Ekstraliga 2013"]
[Site "Wroclaw POL"]
[Date "2013.05.24"]
[Round "1"]
[White "Bednarek,S"]
[Black "Oliwa,M"]
[Result "1-0"]
[WhiteElo "2314"]
[BlackElo "2415"]

1.d4 d5 2.Nf3 Nf6 3.c4 c6 4.g3 dxc4 5.Ne5 Qd5 6.f3 c5 7.Nc3 Qxd4 8.Qa4+ Bd7
9.Nxd7 Qxd7 10.Qxc4 Nc6 11.Qxc5 e6 12.Qb5 a6 13.Qa4 Bc5 14.e3 O-O 15.Be2 b5
16.Qb3 Qa7 17.Kf2 Rac8 18.a3 Rfd8 19.Rd1 Ne5 20.Kg2 h6 21.e4 Nc6 22.Rxd8+ Rxd8
23.Bf1 Bg1 24.Qc2 Nd4 25.Qd3 Nc6 26.Qe2 Nd4 27.Qd1 Nc6 28.Qe1 Nd4 29.Be3 Nc2
30.Bxa7 Nxe1+ 31.Kxg1 Nxf3+ 32.Kg2 Ng5 33.Re1  1-0

[Event "e2e4 Sunningdale Open"]
[Site "Ascot ENG"]
[Date "2013.05.26"]
[Round "4"]
[White "Bates,Ri"]
[Black "Buchicchio,Giam"]
[Result "1/2-1/2"]
[WhiteElo "2376"]
[BlackElo "2306"]

1.d4 d5 2.c4 c6 3.Nf3 Nf6 4.Qb3 a6 5.Bg5 e6 6.Nc3 dxc4 7.Qxc4 b5 8.Qb3 Nbd7
9.e3 Be7 10.a4 Bb7 11.Be2 O-O 12.O-O h6 13.Bh4 Qb6 14.Ne5 g5 15.Nxd7 Nxd7
16.Bg3 bxa4 17.Qxa4 Rfd8 18.Qa2 c5 19.d5 exd5 20.Nxd5 Bxd5 21.Qxd5 Qxb2 22.Ra2 Qb6
23.Bc4 Qg6 24.Qb7 Bd6 25.Rxa6 Rxa6 26.Qxa6 Nf8 27.Qb6 Be7 28.Qb3 Rd2 29.Ra1 Rd7
30.Ra6 Qg7 31.h3 h5 32.Qb8 Qc3 33.Rg6+ Kh7 34.Bxf7 Bd8 35.Rd6 Rxf7 36.Rxd8 h4
37.Rxf8 Rxf8 38.Qxf8 Qa1+ 39.Kh2 hxg3+ 40.Kxg3 Qe5+ 41.Kg4 Qe4+ 42.Kg3  1/2-1/2

[Event "Hungarian National Open 2013"]
[Site "Zalakaros HUN"]
[Date "2013.05.27"]
[Round "6"]
[White "Hrbolka,L sr"]
[Black "Stifter,Ewald"]
[Result "1/2-1/2"]
[WhiteElo "2133"]
[BlackElo "2013"]

1.Nf3 Nf6 2.c4 c6 3.d4 d5 4.g3 Bf5 5.Nc3 e6 6.Bg2 Be7 7.O-O h6 8.Nd2 O-O
9.e4 dxe4 10.Ndxe4 Nxe4 11.Nxe4 Nd7 12.Be3 Nf6 13.Nc5 b6 14.Nd3 Rc8 15.Ne5 Be4
16.f3 Bh7 17.Qe2 c5 18.dxc5 Bxc5 19.Bxc5 Rxc5 20.Rfd1 Qc8 21.f4 Rc7 22.Rd6 b5
23.b3 bxc4 24.bxc4 Qb8 25.Rad1 Qb4 26.Rd8 Rc8 27.Rxf8+ Rxf8 28.Qe3 a5 29.h3 a4
30.Qd2 Qa3 31.Kh2 Nh5  1/2-1/2

[Event "15th Ajuinentornooi 2013"]
[Site "Aalst BEL"]
[Date "2013.05.29"]
[Round "7.14"]
[White "Verhasselt,Kris"]
[Black "Flamee,D"]
[Result "0-1"]
[WhiteElo "1902"]
[BlackElo "1798"]

1.d4 d5 2.c4 c6 3.Nf3 Nf6 4.Qc2 dxc4 5.Qxc4 g6 6.Bf4 Bg7 7.Nc3 Bf5 8.h3 Nbd7
9.g4 Nb6 10.Qb3 Be6 11.Qc2 Nfd5 12.Nxd5 Nxd5 13.Bd2 Qb6 14.e4 Nc7 15.a4 a5
16.Be2 O-O 17.O-O Qb3 18.Qc5 Na6 19.Qxe7 Rfe8 20.Qa3 Qxa3 21.bxa3 Bb3 22.Bd3 Bxa4
23.Rab1 b5 24.Bxa5 Nb8 25.Bb4 Nd7 26.Rfc1 Rac8 27.Re1 c5 28.dxc5 Nxc5 29.Bxc5 Rxc5
30.e5 Rc3 31.Be2 Rxa3 32.Kg2 Rb8 33.Nd4 b4 34.Bc4 b3 35.Re3 Rb4 36.Rc1 b2
37.Bxf7+ Kxf7 38.Rc7+ Kg8 39.Rc8+ Bf8 40.Ne6  0-1

[Event "Hungarian National Open 2013"]
[Site "Zalakaros HUN"]
[Date "2013.05.29"]
[Round "8"]
[White "Lechtynsky,J"]
[Black "Varga,Me"]
[Result "1-0"]
[WhiteElo "2361"]
[BlackElo "2213"]

1.Nf3 d5 2.d4 Nf6 3.c4 c6 4.Nbd2 Ne4 5.e3 Nxd2 6.Bxd2 g6 7.Rc1 Bg7 8.Bd3 O-O
9.h3 dxc4 10.Bxc4 c5 11.Bc3 cxd4 12.Nxd4 Nd7 13.O-O Nb6 14.Bb3 Nd5 15.Bd2 Nf6
16.Bb4 Ne4 17.Qc2 Nd6 18.Rfd1 Bd7 19.Bxd6 exd6 20.Qc7 Rc8 21.Qxd6 Rxc1 22.Rxc1 Qe8
23.Rc7 Bxd4 24.Qxd7 Qxd7 25.Rxd7 Bc5 26.Rxb7 Kg7 27.h4 Kf6 28.g4 h6 29.Kg2 Bb6
30.Kf3 g5 31.h5 Kg7 32.Ke2 Kf6 33.Bc4  1-0

[Event "35th Nezhmetdinov Cup"]
[Site "Kazan RUS"]
[Date "2013.05.31"]
[Round "1.51"]
[White "Faizrakhmanov,Ramil"]
[Black "Tukaeva,Adelya"]
[Result "1-0"]
[WhiteElo "2317"]
[BlackElo "1655"]

1.d4 d5 2.c4 c6 3.Nf3 Nf6 4.Qc2 e6 5.g3 Bd6 6.Bg2 O-O 7.O-O Nbd7 8.Rd1 Qe7
9.Nbd2 e5 10.cxd5 Nxd5 11.Nc4 Bc7 12.dxe5 b5 13.Nd6 Bxd6 14.exd6 Qxd6 15.e4 Nb4
16.Qb3 Qe7 17.Bg5 Qxe4 18.Rd4 Qf5 19.Rxb4  1-0

[Event "35th Nezhmetdinov Cup"]
[Site "Kazan RUS"]
[Date "2013.06.01"]
[Round "2.31"]
[White "Bulatov,R"]
[Black "Rychagov,A"]
[Result "0-1"]
[WhiteElo "2221"]
[BlackElo "2561"]

1.Nf3 d5 2.d4 c6 3.c4 dxc4 4.e4 b5 5.a4 Nf6 6.e5 Nd5 7.Bd2 e6 8.b3 cxb3 9.axb5 Qb6
10.Qxb3 Ba6 11.Na3 Bxa3 12.Qxa3 Bxb5 13.Ba5 Qb7 14.Ng5 Qe7 15.Ne4 Qxa3 16.Rxa3 Ke7
17.Kd2 Nd7 18.Nc3 Nxc3 19.Rxc3 Rhb8 20.Bd3 Nb6 21.Be4 Rd8 22.Bxb6 axb6 23.Ke3 Ra4
24.Bxc6 Bxc6 25.Rxc6 Rdxd4 26.Rxb6 Re4+ 27.Kf3 Rxe5 28.g4 h5 29.gxh5 Rf5+
30.Kg3 Ra3+ 31.Kg4 Rxf2 32.h3 f5+ 33.Kh4 Kf6 34.Rb4 Rff3 35.Rh2 Rg3 36.Rb5 Rgc3
37.Rb4 g5+ 38.hxg6 Kxg6 39.Rh1 Rc8  0-1

[Event "6th Mayors Cup 2013"]
[Site "Mumbai IND"]
[Date "2013.06.01"]
[Round "6"]
[White "Neelotpal,D"]
[Black "Kathmale,S"]
[Result "1/2-1/2"]
[WhiteElo "2461"]
[BlackElo "2325"]

1.d4 d5 2.Nf3 Nf6 3.c4 c6 4.Qc2 g6 5.Bf4 Bg7 6.e3 O-O 7.Nc3 a6 8.c5 Nbd7
9.Bd3 Re8 10.O-O Nh5 11.b4 f6 12.Bg3 Nxg3 13.hxg3 e5 14.dxe5 Nxe5 15.Nxe5 fxe5
16.e4 Be6 17.Rfd1  1/2-1/2

[Event "Grand Europe Open Albena"]
[Site "Albena BUL"]
[Date "2013.06.02"]
[Round "2.43"]
[White "Enchev,I"]
[Black "Peczely,S"]
[Result "1-0"]
[WhiteElo "2473"]
[BlackElo "2147"]

1.Nf3 Nf6 2.c4 c6 3.d4 d5 4.Qc2 e6 5.Bg5 Nbd7 6.e3 h6 7.Bh4 Be7 8.Nc3 O-O
9.Bd3 dxc4 10.Bxc4 b5 11.Bd3 Bb7 12.e4 b4 13.Na4 c5 14.Bxf6 Nxf6 15.Nxc5 Bxc5
16.dxc5 Qa5 17.Nd2 b3 18.Qc3 Qxc3 19.bxc3 Rfd8 20.Ke2 b2 21.Rab1 Nd7 22.c6 Bxc6
23.Rxb2 Nc5 24.Bc2 e5 25.f3 Bb7 26.Rd1 Ba6+ 27.Ke3 Rac8 28.Nb1 Rxd1 29.Bxd1 Nd3
30.Rd2 Rb8 31.Na3 Nf4 32.Bb3 Rc8 33.Nb1 Rb8 34.Rd6 Bc4 35.Bxc4 Rxb1 36.g3 Nh3
37.Rd8+ Kh7 38.Bxf7 g5 39.Rd7 Rc1 40.Kd2 Rh1 41.Be6+ Kg6 42.Bf5+  1-0

[Event "6th Mayors Cup 2013"]
[Site "Mumbai IND"]
[Date "2013.06.02"]
[Round "7"]
[White "Papin,V"]
[Black "Hossain,Enam"]
[Result "1-0"]
[WhiteElo "2552"]
[BlackElo "2487"]

1.d4 d5 2.c4 c6 3.Nf3 Nf6 4.Nbd2 g6 5.e3 Bg7 6.Be2 O-O 7.O-O a6 8.b3 e6 9.Bb2 b6
10.Qc2 Bb7 11.Rac1 Nbd7 12.Ba3 Re8 13.Rfd1 Qc7 14.cxd5 exd5 15.Nb1 Rac8 16.Nc3 Qb8
17.Qb1 Bh6 18.Rc2 Re6 19.Bf1 Ne4 20.Nxe4 Rxe4 21.g3 Rce8 22.Bg2 f6 23.Rc3 Qd8
24.Qc2 R4e6 25.Ne1 f5 26.Nd3 Bg5 27.Nb4 Nb8 28.Nd3 Nd7 29.Ne5 Nxe5 30.dxe5 Be7
31.Bxe7 Qxe7 32.Bxd5 cxd5 33.Rc7 Qb4 34.Rxb7 Rxe5 35.Qc6 R8e6 36.Qd7 Re7
37.Qd8+ Kg7 38.Rxe7+ Rxe7 39.Rxd5 b5 40.h4 Rf7 41.Qc8 Qe1+ 42.Kg2 Qb1 43.Qc3+ Kh6
44.Rd4 Qxa2  1-0

[Event "35th Nezhmetdinov Cup"]
[Site "Kazan RUS"]
[Date "2013.06.03"]
[Round "4.37"]
[White "Shaydullina,S"]
[Black "Nevioselaya,M"]
[Result "1/2-1/2"]
[WhiteElo "2160"]
[BlackElo "2088"]

1.d4 d5 2.c4 c6 3.Nf3 Nf6 4.Qc2 dxc4 5.e4 b5 6.b3 cxb3 7.axb3 e6 8.Bd3 Bb4+
9.Bd2 Bxd2+ 10.Nbxd2 h6 11.O-O O-O 12.b4 a5 13.Nb3 a4 14.Na5 Qb6 15.Ne5 Qxd4
16.Nexc6 Nxc6 17.Nxc6 Qb6 18.Qc5 Qxc5 19.bxc5 Ba6 20.f3 Rfe8 21.Nb4 Re7 22.c6 Bc8
23.Bxb5 Rb8 24.Ba6 Rxb4 25.Bxc8 Rc7 26.Bb7 Rd4 27.Rfd1 Rxd1+ 28.Rxd1 Kf8
29.Rd4 Ke7 30.Rxa4 Nd7 31.f4 Nb8 32.Rc4 Kd6 33.e5+ Kd5 34.Rc1 Nxc6 35.Ba8 Rc8
36.Rxc6 Rxc6 37.Kf2 Kc5 38.Bxc6 Kxc6 39.g4 Kd5 40.Ke3 g6 41.Kd3 Kc5 42.Ke4 Kc4
43.h4 h5 44.f5 gxf5+ 45.gxf5 exf5+ 46.Kxf5 Kd5 47.Kf6 Ke4 48.Kxf7 Kxe5 49.Kg6 Ke6
50.Kxh5 Kf5 51.Kh6 Kf6 52.Kh7 Kf7 53.h5 Kf6 54.h6 Kf7 55.Kh8 Kf8  1/2-1/2

[Event "15th Ajuinentornooi 2013"]
[Site "Aalst BEL"]
[Date "2013.06.05"]
[Round "8.3"]
[White "Rogiers,J"]
[Black "Van de Perre,T"]
[Result "1-0"]
[WhiteElo "2111"]
[BlackElo "2100"]

1.d4 d5 2.c4 c6 3.Nf3 Nf6 4.g3 dxc4 5.a4 a5 6.Bg2 Nbd7 7.Na3 Nb6 8.Qc2 g6
9.Nxc4 Nxc4 10.Qxc4 Be6 11.Qc2 Bd5 12.O-O Bg7 13.e3 O-O 14.Bd2 Qb6 15.Rfc1 Be4
16.Qc5 Qxb2 17.Bxa5 Nd5 18.Be1 b6 19.Qxc6 Nf4 20.Qxe4 Ne2+ 21.Kf1 Nxc1 22.Qb1 Qxb1
23.Rxb1 Rfc8 24.Ne5 Rxa4 25.Nc6 Rxc6 26.Bxc6 Rc4 27.Bd5 Rc8 28.Bd2 e6 29.Bb7 Rc7  1-0

[Event "6th Mayors Cup 2013"]
[Site "Mumbai IND"]
[Date "2013.06.05"]
[Round "10"]
[White "Malakhatko,V"]
[Black "Kathmale,S"]
[Result "1/2-1/2"]
[WhiteElo "2552"]
[BlackElo "2325"]

1.d4 d5 2.Nf3 Nf6 3.c4 c6 4.Qb3 e6 5.Bg5 Nbd7 6.Nc3 Be7 7.e3 O-O 8.Bd3 b6
9.O-O Bb7 10.cxd5 cxd5 11.a4 Ne4 12.Bxe7 Qxe7 13.a5 f5 14.a6 Bc6 15.Rfc1 Rac8
16.Ne2 g5 17.Rc2 g4 18.Ne1 Ndf6 19.Rac1 Bd7 20.Rxc8 Rxc8 21.Rxc8+ Bxc8 22.Qc2 Nd6
23.f3 b5 24.Bxb5 gxf3 25.Nxf3 Ng4 26.Bd3 Nxe3 27.Qc1 Ndc4 28.b3 Qa3 29.Qxa3 Nxa3
30.Ne5 Nec2 31.Nc6 Bd7 32.Nxa7 Nb4 33.Nf4 Kf7 34.Kf2 Ke7 35.Ke3 Kd6 36.Kd2 e5
37.dxe5+ Kxe5 38.Kc3 Nxd3 39.Nxd3+ Ke4 40.Nc5+ Ke3 41.Kb2 Nb5 42.Nxb5 Bxb5
43.a7 Bc6 44.b4 d4 45.b5 Bxg2 46.b6 d3 47.b7 Bxb7 48.Nxb7 d2 49.a8=Q d1=Q
50.Qa3+ Kf2 51.Qg3+ Kf1 52.Nd6 Qd2+ 53.Kb3 f4 54.Qf3+ Kg1 55.Nc4 Qxh2 56.Qd1+ Kg2
57.Nd2 Qg3+ 58.Kb4 Qf2 59.Qg4+ Qg3 60.Qe2+ Qf2 61.Qg4+ Qg3 62.Qe2+  1/2-1/2

[Event "6th Mayors Cup 2013"]
[Site "Mumbai IND"]
[Date "2013.06.05"]
[Round "10"]
[White "Hoang Thanh Trang"]
[Black "Himanshu,Sh"]
[Result "1-0"]
[WhiteElo "2476"]
[BlackElo "2401"]

1.d4 d5 2.c4 c6 3.Nf3 Nf6 4.Qc2 g6 5.Bf4 Bg7 6.e3 O-O 7.Nc3 Bf5 8.Bd3 Bxd3
9.Qxd3 Nbd7 10.O-O e6 11.b4 dxc4 12.Qxc4 Nb6 13.Qb3 Nfd5 14.Bg5 f6 15.Bh4 Qe7
16.Rab1 g5 17.Bg3 h5 18.Ne4 Rad8 19.h4 g4 20.Nfd2 Nc8 21.Rfe1 Rde8 22.Nc5 f5
23.e4 f4 24.exd5 fxg3 25.Qxg3 Bxd4 26.Rxe6 Qf7 27.Nde4 cxd5 28.Rxe8 Qxe8
29.Qd3 Qe5 30.Rd1 Bxc5 31.Nxc5 Rf5 32.Nxb7 Ne7 33.Nc5 Qf6 34.Re1 Re5 35.Rxe5 Qxe5
36.Qd2 Kf7 37.Nd3 Qf5 38.Nf4 Ng6 39.Nxd5 Nxh4 40.Qd4 a6 41.Qa7+ Ke6 42.Nc7+ Ke5
43.Qc5+ Kf6 44.Qxf5+ Nxf5 45.Nxa6 Ke7 46.Nc5 h4 47.a4 Kd6 48.f3 gxf3 49.gxf3 Kd5
50.a5 Kc6 51.Kg2 Kb5 52.Nd3 Ne3+ 53.Kh3 Nd5 54.Kxh4 Kc4 55.f4 Kxd3 56.f5 Ke4
57.Kg5 Ke5 58.a6 Kd6 59.a7 Nc7 60.f6 Kc6 61.f7 Kb7 62.Kf5  1-0

[Event "6th Mayors Cup 2013"]
[Site "Mumbai IND"]
[Date "2013.06.06"]
[Round "11"]
[White "Kunte,A"]
[Black "Kathmale,S"]
[Result "1/2-1/2"]
[WhiteElo "2507"]
[BlackElo "2325"]

1.Nf3 Nf6 2.c4 c6 3.d4 d5 4.Qb3 e6 5.Bg5 Nbd7 6.Nc3 Be7 7.e3 O-O 8.Rd1 b6
9.Bd3 Bb7 10.O-O Rc8 11.Rfe1 c5 12.Bxf6 Nxf6 13.cxd5 cxd4 14.Nxd4 Nxd5 15.Nde2  1/2-1/2